| 000 | 01993njm0a2200433 4500 | ||
|---|---|---|---|
| 001 | RU\NLR\BIBL_A\010847037 | ||
| 005 | 20260628160605.0 | ||
| 021 | _aRU0321501373 | ||
| 035 | _a(NLR Aleph) 010847037 | ||
| 090 |
_a13739786 _c13739786 |
||
| 100 | _a20150610d2014 d y0rusy50 ca | ||
| 101 | 0 | _arus | |
| 102 | _aRU | ||
| 106 | _as | ||
| 135 | _aaouga|||||||| | ||
| 200 | 1 |
_aДети подземелья _bЭлектронный ресурс _eаудиокнига _fВ. Г. Короленко _gчитает засл. артист РФ Владимир Левашев _gзвукорежиссеры Елена Ланцова, Сергей Нечитайло |
|
| 210 |
_aМосква _cАРДИС дистрибуция _d2014 |
||
| 215 |
_a1 электрон. опт. диск (CD-ROM) _cзв. _d12 |
||
| 225 | 1 | _aДетская аудиокнига | |
| 230 | _aЭлектрон. аудиоизд. (293 Мб) | ||
| 300 | _aЗагл. с титул. экрана | ||
| 337 | _aСистем. требования: IBM совместимый компьютер с процессором Pentium 133 MHz ; 32 Мб RAM ; Windows 95/NT ; видеоадаптер SVGA 800x600 | ||
| 610 | 0 | _aаудиокниги | |
| 610 | 0 | _aдетская литература | |
| 610 | 0 | _aрусская детская литература | |
| 675 |
_a821.161.1-93 _v3 |
||
| 686 |
_a17.82.93 _2grnti |
||
| 686 | 0 | _aШ9(2)60=Р5-4 | |
| 700 | 1 |
_7ca _8rus _aКороленко _bВ. Г. _f1853-1921 _gВладимир Галактионович _9520 _3RU\NLR\AUTH\7717433 |
|
| 702 | 1 |
_4550 _aЛевашев _bВ. С. _f1950- _gВладимир Сергеевич _9158403 _3RU\NLR\AUTH\770158444 |
|
| 702 | 1 |
_aЛанцова _bЕ. _gЕлена _4300 |
|
| 801 | 0 |
_aRU _bНТЦ Информрегистр _c20150610 |
|
| 801 | 1 |
_aRU _bНТЦ Информрегистр _c20150610 |
|
| 942 | _cREC | ||
| 980 | _aNB | ||